| 000 | 00846cab a2200265 4500 | ||
|---|---|---|---|
| 001 | ABS57158 | ||
| 008 | 090401t1997 xxu||||| |||| 00| 0 eng d | ||
| 035 | _a(Sirsi) u79107 | ||
| 041 | _aeng | ||
| 100 | _aWilliams, P. | ||
| 245 | _aWhen time runs out | ||
| 260 | _c1997 | ||
| 350 | _a0 | ||
| 490 |
_aEstates Gazette _v(9724) 14 June 1997, 112-113(2) |
||
| 520 | _aDiscusses the recent HL decision "Mannai Investment Co Ltd v Eagle Star Assurance Co Ltd" (ABS*****) which held that a break notice was effective even though it specified an incorrect break date. | ||
| 650 | _aBREAK NOTICE | ||
| 650 | _aDETERMINATION OF LEASE | ||
| 650 | _aEXPIRY DATE | ||
| 650 | _aNOTICE PERIOD | ||
| 650 | _aSERVING NOTICES | ||
| 650 | _aTIME LIMITS | ||
| 690 | _aLANDLORD AND TENANT-BUSINESS TENANCIES | ||
| 942 | _n0 | ||
| 948 | _c20/06/1997 | ||
| 999 |
_c49718 _d49718 |
||